[Event "Liga Madrileña - DH 2015-2016"]
[Site "Madrid ESP"]
[Date "2016.02.21"]
[Round "11.33"]
[White "Elguezabal Varela, Daniel"]
[Black "Sanchez Gonzalez, Sergio"]
[Result "0-1"]
[WhiteElo "2363"]
[BlackElo "2300"]
[PlyCount "132"]
[EventDate "2015.11.22"]
[EventType "team-tourn"]
[EventRounds "14"]
[EventCountry "ESP"]
[Source "lmi"]
[SourceDate "2015.11.22"]
[WhiteTeam "La Casa del Ajedrez"]
[BlackTeam "Liberty Chess"]
[WhiteTeamCountry "ESP"]
[BlackTeamCountry "ESP"]

1. d4 Nf6 2. Nf3 e6 3. c4 d5 4. Nc3 Bb4 5. cxd5 exd5 6. Bg5 h6 7. Bh4 g5 8. Bg3
Ne4 9. Nd2 Nxg3 10. hxg3 c5 11. e3 cxd4 12. exd4 Qe7+ 13. Be2 Bxc3 14. bxc3 Bg4
15. Rb1 Nc6 16. Nf3 Bf5 17. Rb5 O-O-O 18. O-O h5 19. Bd3 Be6 20. Qd2 h4 21.
Qxg5 hxg3 22. Qxe7 Nxe7 23. a4 Bf5 24. Bxf5+ Nxf5 25. Ne5 Rh5 26. fxg3 Nxg3 27.
Rf3 Rh1+ 28. Kf2 Ne4+ 29. Ke3 f6 30. Nd3 Re8 31. Kf4 Rh4+ 32. g4 f5 33. Ne5
fxg4 34. Nxg4 Rg8 35. Rxd5 Rhxg4+ 36. Ke3 Re8 37. Kd3 Rg3 38. Rxg3 Nxg3 39. a5
Ne4 40. c4 Kc7 41. Rh5 Nf6 42. Rg5 Nd7 43. Kc3 a6 44. Rg7 Re3+ 45. Kb4 Re4 46.
Kc3 Rf4 47. Rh7 Kc6 48. Rh6+ Rf6 49. Rh8 Rf3+ 50. Kb4 Rf2 51. Rh6+ Rf6 52. Rh8
Nf8 53. Rg8 Rf7 54. Rh8 Kc7 55. Rh6 Re7 56. Rf6 Nd7 57. Rh6 Rg7 58. Rh4 Nb8 59.
d5 Nd7 60. Rh6 Rg4 61. Re6 Rf4 62. Kc3 Rh4 63. Kb4 Rf4 64. Kc3 Nc5 65. Rh6 Ne4+
66. Kd4 Nd6+ 0-1

[Event "Liga Madrileña - DH 2015-2016"]
[Site "Madrid ESP"]
[Date "2016.02.21"]
[Round "11.34"]
[White "Martin Rueda, Daniel"]
[Black "Guadamuro Torrente, Ana Isabel"]
[Result "1/2-1/2"]
[WhiteElo "2291"]
[BlackElo "2147"]
[PlyCount "68"]
[EventDate "2015.11.22"]
[EventType "team-tourn"]
[EventRounds "14"]
[EventCountry "ESP"]
[Source "lmi"]
[SourceDate "2015.11.22"]
[WhiteTeam "Liberty Chess"]
[BlackTeam "La Casa del Ajedrez"]
[WhiteTeamCountry "ESP"]
[BlackTeamCountry "ESP"]

1. d4 d5 2. Nf3 c6 3. c4 Nf6 4. e3 e6 5. Nc3 Bd6 6. Qc2 Nbd7 7. g4 h6 8. Bd2
Qe7 9. Rg1 e5 10. cxd5 Nxd5 11. Be2 Nxc3 12. Bxc3 e4 13. Nd2 Nf6 14. h3 Bd7 15.
a3 b5 16. b4 a6 17. Nb3 Nd5 18. Nc5 Bxc5 19. dxc5 O-O 20. Bb2 a5 21. bxa5 Rxa5
22. h4 Qxh4 23. Qxe4 Ra4 24. Qe5 Qf6 25. Qxf6 gxf6 26. Bd1 Ra7 27. Bb3 Be6 28.
Bxd5 Bxd5 29. Bxf6 Rfa8 30. Bb2 b4 31. a4 Rxa4 32. Rxa4 Rxa4 33. Kd2 b3 34. Rg3
Kh7 1/2-1/2

[Event "Liga Madrileña - DH 2015-2016"]
[Site "Madrid ESP"]
[Date "2016.02.21"]
[Round "11.35"]
[White "Collado Barbas, Laura"]
[Black "Paredes Sanchez, Juan Antonio"]
[Result "0-1"]
[WhiteElo "2121"]
[BlackElo "2176"]
[PlyCount "64"]
[EventDate "2015.11.22"]
[EventType "team-tourn"]
[EventRounds "14"]
[EventCountry "ESP"]
[Source "lmi"]
[SourceDate "2015.11.22"]
[WhiteTeam "La Casa del Ajedrez"]
[BlackTeam "Liberty Chess"]
[WhiteTeamCountry "ESP"]
[BlackTeamCountry "ESP"]

1. d4 Nf6 2. c4 g6 3. Nc3 Bg7 4. e4 d6 5. Nf3 O-O 6. h3 e5 7. d5 Na6 8. Bg5 h6
9. Be3 Nh5 10. Qd2 Kh7 11. g4 Nf4 12. Bxf4 exf4 13. Bd3 Nc5 14. O-O-O a5 15.
Bc2 Qf6 16. a4 Bd7 17. Rdg1 Qe7 18. h4 Be5 19. b3 Rfe8 20. Ne2 Ra6 21. Nxf4 Rb6
22. Rg3 Kg7 23. Ne1 Qf6 24. Neg2 Bb2+ 25. Kd1 Nxe4 26. Bxe4 Rxe4 27. g5 hxg5
28. Rxg5 Kf8 29. Rg3 Be5 30. Rf3 Bg4 31. Ne6+ fxe6 32. Qh6+ Kg8 0-1

[Event "Liga Madrileña - DH 2015-2016"]
[Site "Madrid ESP"]
[Date "2016.02.21"]
[Round "11.36"]
[White "Pablos Tenrero, Raquel"]
[Black "Unciti Juan, Javier"]
[Result "0-1"]
[WhiteElo "2077"]
[BlackElo "2050"]
[PlyCount "122"]
[EventDate "2015.11.22"]
[EventType "team-tourn"]
[EventRounds "14"]
[EventCountry "ESP"]
[Source "lmi"]
[SourceDate "2015.11.22"]
[WhiteTeam "Liberty Chess"]
[BlackTeam "La Casa del Ajedrez"]
[WhiteTeamCountry "ESP"]
[BlackTeamCountry "ESP"]

1. e4 e6 2. d4 d5 3. Nc3 Bb4 4. a3 Ba5 5. b4 Bb6 6. Nf3 a5 7. Rb1 axb4 8. axb4
Nf6 9. Bd3 Nc6 10. e5 Nd7 11. Be3 Qe7 12. b5 Nb4 13. O-O Nxd3 14. cxd3 f6 15.
Re1 fxe5 16. Bg5 Qf7 17. dxe5 Qg6 18. d4 O-O 19. Be3 Ba5 20. Rb3 Nb6 21. Nh4
Qf7 22. Qe2 Bd7 23. Reb1 Nc4 24. Nd1 c6 25. bxc6 Bxc6 26. h3 b5 27. Nb2 Bd8 28.
Nf3 Qg6 29. Nd3 Ra4 30. Nf4 Qf7 31. Nd3 Be7 32. Ng5 Qg6 33. Qg4 Nxe3 34. Qxe6+
Qxe6 35. Nxe6 Nc4 36. Nxf8 Kxf8 37. Rc1 Na5 38. Rbc3 Rxd4 39. e6 Nc4 40. Ne1
Bf6 41. Rf3 Ke7 42. Nc2 Rd2 43. Nb4 Bb7 44. Nd3 d4 45. Rg3 Bd5 46. Ra1 Kxe6 47.
Ra6+ Kf5 48. Nb4 Be4 49. f3 Bb1 50. h4 Rd1+ 51. Kh2 Be5 52. Nd5 Bxg3+ 53. Kxg3
Ke5 54. Nc7 Ne3 55. Nxb5 Bd3 56. Ra5 Bxb5 57. Rxb5+ Nd5 58. Kf2 d3 59. h5 Kd4
60. Rb2 Rh1 61. g4 d2 0-1

[Event "Liga Madrileña - DH 2015-2016"]
[Site "Madrid ESP"]
[Date "2016.02.20"]
[Round "11.41"]
[White "Moreno Trujillo, Alejandro"]
[Black "Aranda Marin, Cristian"]
[Result "1/2-1/2"]
[WhiteElo "2504"]
[BlackElo "2352"]
[PlyCount "108"]
[EventDate "2015.11.22"]
[EventType "team-tourn"]
[EventRounds "14"]
[EventCountry "ESP"]
[Source "lmi"]
[SourceDate "2015.11.22"]
[WhiteTeam "64 Villalba"]
[BlackTeam "San Fernando de Henares"]
[WhiteTeamCountry "ESP"]
[BlackTeamCountry "ESP"]

1. d4 Nf6 2. Nf3 e6 3. Bf4 b6 4. e3 Bb7 5. Nbd2 d6 6. h3 Nbd7 7. Bh2 g6 8. a4
a6 9. Bd3 Qe7 10. O-O Bg7 11. e4 O-O 12. Re1 e5 13. c3 Rfe8 14. Rb1 Qf8 15. b4
a5 16. dxe5 Nxe5 17. Nxe5 dxe5 18. Nc4 axb4 19. cxb4 Rad8 20. Qb3 Nh5 21. a5
bxa5 22. Nxa5 Ba8 23. Bc4 Nf4 24. b5 Rd4 25. Nc6 Bxc6 26. bxc6 Qe7 27. Rbd1
Red8 28. Bg3 Bh6 29. Bd5 Rxd1 30. Rxd1 Kg7 31. Kh2 Bg5 32. Qb2 h5 33. Bxf4
Bxf4+ 34. g3 Bg5 35. Rd3 h4 36. Rf3 f5 37. Qa3 Qxa3 38. Rxa3 fxe4 39. Bxe4 Rd4
40. Bg2 Be7 41. Re3 Bd6 42. Re2 g5 43. Be4 Kf6 44. Kg2 Bb4 45. Kf3 Rd2 46. Rxd2
Bxd2 47. gxh4 gxh4 48. Kg4 Be1 49. Kxh4 Bxf2+ 50. Kg4 Be3 51. Bg2 Bd2 52. Bd5
Bc1 53. Kf3 Ba3 54. Kg4 Bc1 1/2-1/2

[Event "Liga Madrileña - DH 2015-2016"]
[Site "Madrid ESP"]
[Date "2016.02.20"]
[Round "11.42"]
[White "Fernandez Blazquez, Diego"]
[Black "Rodriguez Cespedes, Amador"]
[Result "1/2-1/2"]
[WhiteElo "2229"]
[BlackElo "2478"]
[PlyCount "53"]
[EventDate "2015.11.22"]
[EventType "team-tourn"]
[EventRounds "14"]
[EventCountry "ESP"]
[Source "lmi"]
[SourceDate "2015.11.22"]
[WhiteTeam "San Fernando de Henares"]
[BlackTeam "64 Villalba"]
[WhiteTeamCountry "ESP"]
[BlackTeamCountry "ESP"]

1. d4 Nf6 2. c4 e6 3. g3 Bb4+ 4. Bd2 Be7 5. Bg2 d5 6. Nf3 c6 7. Qc2 b6 8. O-O
Bb7 9. Bf4 O-O 10. Nbd2 Na6 11. Rfd1 c5 12. dxc5 Nxc5 13. b4 Ncd7 14. Qb3 Rc8
15. Rac1 dxc4 16. Nxc4 Bd5 17. Nfe5 Nxe5 18. Bxd5 Nxd5 19. Nxe5 Rxc1 20. Bxc1
Qd6 21. e4 Qxe5 22. exd5 exd5 23. Bf4 Qe6 24. Qxd5 Qxd5 25. Rxd5 Bxb4 26. Rd7
Bc5 27. Rxa7 1/2-1/2

[Event "Liga Madrileña - DH 2015-2016"]
[Site "Madrid ESP"]
[Date "2016.02.20"]
[Round "11.43"]
[White "Rioboo de la Riva, Alvaro"]
[Black "Garrido Olivares, Ricard"]
[Result "1/2-1/2"]
[WhiteElo "2279"]
[BlackElo "2155"]
[PlyCount "49"]
[EventDate "2015.11.22"]
[EventType "team-tourn"]
[EventRounds "14"]
[EventCountry "ESP"]
[Source "lmi"]
[SourceDate "2015.11.22"]
[WhiteTeam "64 Villalba"]
[BlackTeam "San Fernando de Henares"]
[WhiteTeamCountry "ESP"]
[BlackTeamCountry "ESP"]

1. e4 c6 2. d4 d5 3. exd5 cxd5 4. Bd3 Nc6 5. c3 Qc7 6. Ne2 Bg4 7. O-O Nf6 8.
Bf4 Qxf4 9. Nxf4 Bxd1 10. Rxd1 e6 11. Nd2 Bd6 12. Ne2 Rc8 13. h3 O-O 14. Nf1 g6
15. Ne3 Kg7 16. g3 a6 17. Kg2 Bb8 18. Ng1 Rfd8 19. f4 Ne8 20. Re1 Nd6 21. Nf3
Na5 22. b4 Nac4 23. Nxc4 Nxc4 24. Re2 h5 25. Ne5 1/2-1/2

[Event "Liga Madrileña - DH 2015-2016"]
[Site "Madrid ESP"]
[Date "2016.02.20"]
[Round "11.44"]
[White "Del Valle Cirera, Adria"]
[Black "Longa Yauca, Javier"]
[Result "1/2-1/2"]
[WhiteElo "2107"]
[BlackElo "2232"]
[PlyCount "77"]
[EventDate "2015.11.22"]
[EventType "team-tourn"]
[EventRounds "14"]
[EventCountry "ESP"]
[Source "lmi"]
[SourceDate "2015.11.22"]
[WhiteTeam "San Fernando de Henares"]
[BlackTeam "64 Villalba"]
[WhiteTeamCountry "ESP"]
[BlackTeamCountry "ESP"]

1. e4 e5 2. Nf3 Nc6 3. Bb5 Nge7 4. Nc3 d6 5. d4 Bd7 6. Bg5 f6 7. Be3 a6 8. Ba4
b5 9. Bb3 Na5 10. dxe5 dxe5 11. Bc5 Nxb3 12. axb3 c6 13. O-O Bg4 14. Qe2 Qc8
15. h3 Bh5 16. Qe3 g5 17. Nxe5 fxe5 18. Qxg5 Bf7 19. Qxe5 Rg8 20. Kh1 Qe6 21.
Qxe6 Bxe6 22. f4 h5 23. f5 Bf7 24. e5 Bd5 25. Nxd5 Nxd5 26. Bg1 Bh6 27. Rae1
Bg5 28. c4 Nf4 29. Re4 O-O-O 30. Rexf4 Bxf4 31. Rxf4 Rd1 32. f6 Kd7 33. Kh2 Rd2
34. Bc5 Rdxg2+ 35. Kh1 R2g3 36. Kh2 Rg2+ 37. Kh1 R2g3 38. Kh2 Rg2+ 39. Kh1
1/2-1/2

[Event "Liga Madrileña - DH 2015-2016"]
[Site "Madrid ESP"]
[Date "2016.02.20"]
[Round "11.45"]
[White "Cabanas Jimenez, Andres"]
[Black "De la Orden Alcocer, Alejandro"]
[Result "1/2-1/2"]
[WhiteElo "2245"]
[BlackElo "2024"]
[PlyCount "79"]
[EventDate "2015.11.22"]
[EventType "team-tourn"]
[EventRounds "14"]
[EventCountry "ESP"]
[Source "lmi"]
[SourceDate "2015.11.22"]
[WhiteTeam "64 Villalba"]
[BlackTeam "San Fernando de Henares"]
[WhiteTeamCountry "ESP"]
[BlackTeamCountry "ESP"]

1. e4 Nf6 2. e5 Nd5 3. d4 d6 4. c4 Nb6 5. f4 dxe5 6. fxe5 c5 7. d5 g6 8. Nc3
Bg7 9. Bf4 O-O 10. Be2 e6 11. d6 Nc6 12. Nf3 Nd7 13. Qd2 Ncxe5 14. Nxe5 Nxe5
15. Rd1 Bd7 16. Qe3 Nc6 17. Qxc5 b6 18. Qf2 e5 19. Be3 f5 20. O-O f4 21. Bc1
Nd4 22. Bf3 Bc6 23. Bxc6 Nxc6 24. Qf3 Nd4 25. Qd5+ Kh8 26. Nb5 Ne2+ 27. Kh1 Qh4
28. Rf3 Ng3+ 29. Kg1 e4 30. hxg3 fxg3 31. Rxg3 Qxg3 32. Qg5 Qf2+ 33. Kh1 Rf5
34. d7 Rxg5 35. d8=Q+ Rxd8 36. Rxd8+ Bf8 37. Bxg5 h6 38. Be7 Qf1+ 39. Kh2 Qf4+
40. Kh1 1/2-1/2

[Event "Liga Madrileña - DH 2015-2016"]
[Site "Madrid ESP"]
[Date "2016.02.20"]
[Round "11.46"]
[White "Rodriguez Lopez, Ruben"]
[Black "Ruperez Benito, Antonio"]
[Result "0-1"]
[WhiteElo "1949"]
[BlackElo "2218"]
[PlyCount "60"]
[EventDate "2015.11.22"]
[EventType "team-tourn"]
[EventRounds "14"]
[EventCountry "ESP"]
[Source "lmi"]
[SourceDate "2015.11.22"]
[WhiteTeam "San Fernando de Henares"]
[BlackTeam "64 Villalba"]
[WhiteTeamCountry "ESP"]
[BlackTeamCountry "ESP"]

1. e4 e6 2. d4 d5 3. Nd2 Nf6 4. e5 Nfd7 5. Bd3 c5 6. c3 Nc6 7. Ne2 cxd4 8. cxd4
f6 9. exf6 Nxf6 10. Nf3 Bd6 11. O-O Qc7 12. Nc3 a6 13. Bg5 O-O 14. Rc1 Bd7 15.
Bb1 Be8 16. Qd3 Bh5 17. Kh1 Bxf3 18. Bxf6 Rxf6 19. Qxh7+ Kf7 20. Qh3 Bf4 21.
Qxf3 Bxc1 22. Qh5+ Ke7 23. Rxc1 Qf4 24. Re1 Qxf2 25. Qd1 Kd6 26. Ne2 Rh8 27.
Ng1 Qxd4 28. Qe2 Qe5 29. Nf3 Qxe2 30. Rxe2 Nd4 0-1

[Event "Liga Madrileña - DH 2015-2016"]
[Site "Madrid ESP"]
[Date "2016.02.28"]
[Round "12.11"]
[White "Valles Moreno, Ivan"]
[Black "Martinez Reyes, Pedro Ramon"]
[Result "1/2-1/2"]
[WhiteElo "2427"]
[BlackElo "2338"]
[PlyCount "26"]
[EventDate "2015.11.22"]
[EventType "team-tourn"]
[EventRounds "14"]
[EventCountry "ESP"]
[Source "lmi"]
[SourceDate "2015.11.22"]
[WhiteTeam "Liberty Chess"]
[BlackTeam "Blanco y Negro"]
[WhiteTeamCountry "ESP"]
[BlackTeamCountry "ESP"]

1. e4 c5 2. Nf3 Nc6 3. Bb5 d6 4. O-O Nf6 5. Re1 Bd7 6. c3 a6 7. Bxc6 Bxc6 8. d4
Bxe4 9. Bg5 Bd5 10. Bxf6 gxf6 11. Nbd2 e6 12. c4 Bxf3 13. Nxf3 Qd7 1/2-1/2

[Event "Liga Madrileña - DH 2015-2016"]
[Site "Madrid ESP"]
[Date "2016.02.28"]
[Round "12.12"]
[White "Alarcia Astiz, Carlos"]
[Black "Perez Gonzalez, Jose Manuel"]
[Result "1/2-1/2"]
[WhiteElo "2337"]
[BlackElo "2340"]
[PlyCount "101"]
[EventDate "2015.11.22"]
[EventType "team-tourn"]
[EventRounds "14"]
[EventCountry "ESP"]
[Source "lmi"]
[SourceDate "2015.11.22"]
[WhiteTeam "Blanco y Negro"]
[BlackTeam "Liberty Chess"]
[WhiteTeamCountry "ESP"]
[BlackTeamCountry "ESP"]

1. e4 d6 2. d4 Nf6 3. Nc3 g6 4. f4 Bg7 5. Nf3 c5 6. dxc5 Qa5 7. Bd3 Qxc5 8. Qe2
O-O 9. a3 Nc6 10. Be3 Qa5 11. O-O Bg4 12. h3 Bxf3 13. Qxf3 Rac8 14. Kh2 Nd7 15.
Bd2 Qd8 16. Rad1 Nc5 17. Be1 Nd4 18. Qe3 e6 19. Bg3 Qb6 20. Rb1 f5 21. Rfe1
fxe4 22. Bxe4 d5 23. Bd3 Nf5 24. Bxf5 gxf5 25. Bf2 d4 26. Qg3 dxc3 27. b4 Qc6
28. Bxc5 Rf6 29. Rbd1 Rg6 30. Qf2 b6 31. Bd4 Rd8 32. Bxg7 Rxd1 33. Rxd1 Rxg7
34. Rd8+ Kf7 35. Rd3 Ke8 36. Qe2 Rd7 37. b5 Qc4 38. Qh5+ Kd8 39. Rxd7+ Kxd7 40.
Qxh7+ Kd6 41. Kg3 Qxb5 42. Qxa7 Qb2 43. Qa4 b5 44. Qa6+ Ke7 45. Qa7+ Kd6 46.
Qb8+ Kc6 47. Qc8+ Kd6 48. Qd8+ Kc6 49. Qc8+ Kd6 50. Qd8+ Kc6 51. Qc8+ 1/2-1/2

[Event "Liga Madrileña - DH 2015-2016"]
[Site "Madrid ESP"]
[Date "2016.02.28"]
[Round "12.13"]
[White "Gallardo Garcia, Andres"]
[Black "Renteria Becerra, Jorge Elicer"]
[Result "1/2-1/2"]
[WhiteElo "2327"]
[BlackElo "2244"]
[PlyCount "82"]
[EventDate "2015.11.22"]
[EventType "team-tourn"]
[EventRounds "14"]
[EventCountry "ESP"]
[Source "lmi"]
[SourceDate "2015.11.22"]
[WhiteTeam "Liberty Chess"]
[BlackTeam "Blanco y Negro"]
[WhiteTeamCountry "ESP"]
[BlackTeamCountry "ESP"]

1. c4 Nf6 2. Nc3 g6 3. e4 d6 4. d4 Bg7 5. Be2 O-O 6. Be3 c6 7. Nf3 a6 8. O-O b5
9. cxb5 axb5 10. a3 Nbd7 11. d5 Bb7 12. dxc6 Bxc6 13. Nd4 Bxe4 14. Nxe4 Nxe4
15. Bxb5 Bxd4 16. Qxd4 Nef6 17. Rfe1 Qb8 18. a4 Nc5 19. Qh4 Ne6 20. Rac1 Ra5
21. Qb4 Ra8 22. Bh6 Rd8 23. h3 Ra7 24. Rc6 Nc5 25. Qh4 Ne6 26. b4 Rb7 27. Qc4
d5 28. Qd3 Ng7 29. g3 Ne4 30. Bf4 e5 31. Bc1 Nf5 32. Bb2 Re7 33. Kg2 Nexg3 34.
fxg3 e4 35. Qe2 Qxg3+ 36. Kh1 d4 37. Rg1 Qxh3+ 38. Qh2 Qf3+ 39. Qg2 Qh5+ 40.
Qh2 Qf3+ 41. Qg2 Qh5+ 1/2-1/2

[Event "Liga Madrileña - DH 2015-2016"]
[Site "Madrid ESP"]
[Date "2016.02.28"]
[Round "12.14"]
[White "Iagar, Razvan Gabriel"]
[Black "Fernandez Garcia, Miguel Angel"]
[Result "0-1"]
[WhiteElo "2150"]
[BlackElo "2334"]
[PlyCount "92"]
[EventDate "2015.11.22"]
[EventType "team-tourn"]
[EventRounds "14"]
[EventCountry "ESP"]
[Source "lmi"]
[SourceDate "2015.11.22"]
[WhiteTeam "Blanco y Negro"]
[BlackTeam "Liberty Chess"]
[WhiteTeamCountry "ESP"]
[BlackTeamCountry "ESP"]

1. d4 d5 2. c4 e6 3. Nf3 c6 4. Nc3 dxc4 5. a4 Bb4 6. Bd2 a5 7. e3 b5 8. axb5
Bxc3 9. Bxc3 cxb5 10. b3 Bb7 11. bxc4 b4 12. Bb2 Nf6 13. Bd3 Nbd7 14. O-O O-O
15. Qc2 Qc7 16. h3 h6 17. Nd2 e5 18. c5 exd4 19. exd4 Bc6 20. Nc4 Nd5 21. Bc1
a4 22. Nd6 N7f6 23. Qd2 Bd7 24. Re1 Be6 25. Qd1 a3 26. Qf3 Kh8 27. Re5 Rad8 28.
Bd2 Rxd6 29. cxd6 Qxd6 30. Bc2 Nd7 31. Qd3 f5 32. Ree1 Bg8 33. Bb3 f4 34. f3
Rb8 35. Rac1 Qf6 36. Qe4 Nc3 37. Bxc3 Bxb3 38. Bd2 Bf7 39. Bxf4 Re8 40. Be5
Nxe5 41. dxe5 Qb6+ 42. Kh2 b3 43. Rc6 Qb8 44. Qf4 Be6 45. Qe4 b2 46. Ra6 a2 0-1

[Event "Liga Madrileña - DH 2015-2016"]
[Site "Madrid ESP"]
[Date "2016.02.28"]
[Round "12.15"]
[White "Martin Rueda, Daniel"]
[Black "Fernandez Rodriguez, Fernando Javier"]
[Result "1/2-1/2"]
[WhiteElo "2291"]
[BlackElo "1952"]
[PlyCount "107"]
[EventDate "2015.11.22"]
[EventType "team-tourn"]
[EventRounds "14"]
[EventCountry "ESP"]
[Source "lmi"]
[SourceDate "2015.11.22"]
[WhiteTeam "Liberty Chess"]
[BlackTeam "Blanco y Negro"]
[WhiteTeamCountry "ESP"]
[BlackTeamCountry "ESP"]

1. d4 Nf6 2. Bg5 Ne4 3. Bf4 d6 4. Nd2 Nf6 5. e4 g6 6. Ngf3 Bg7 7. h3 O-O 8. c3
c5 9. dxc5 dxc5 10. Qc2 b6 11. Bc4 e6 12. O-O Nc6 13. Rfd1 Nd7 14. Bb5 Nce5 15.
Bxd7 Nxf3+ 16. Nxf3 Bxd7 17. Ne5 Bxe5 18. Bxe5 f6 19. Bd6 Rf7 20. Bg3 e5 21.
Rd6 Qe8 22. Rad1 Bc6 23. f3 Kg7 24. Qd2 Rc8 25. Bf2 Rcc7 26. Be3 h5 27. Qf2
Rfd7 28. Kh2 Rxd6 29. Rxd6 Qe7 30. Qd2 Rd7 31. Bh6+ Kh7 32. Rxd7 Qxd7 33. Qxd7+
Bxd7 34. Bf8 c4 35. g4 hxg4 36. hxg4 g5 37. Be7 Kg7 38. Bd8 Be6 39. Kg3 b5 40.
Kf2 Kf7 41. Ke2 Kg7 42. Kd2 Kf7 43. Kc2 a6 44. b3 cxb3+ 45. axb3 Kg7 46. Kb2
Kf7 47. Ka3 Kg6 48. Kb4 Bf7 49. c4 bxc4 50. bxc4 Be6 51. Kc5 Kf7 52. Kb4 Kg6
53. Bb6 Kf7 54. Bd8 1/2-1/2

[Event "Liga Madrileña - DH 2015-2016"]
[Site "Madrid ESP"]
[Date "2016.02.28"]
[Round "12.16"]
[White "Varela Fernandez, Andres"]
[Black "Paredes Sanchez, Juan Antonio"]
[Result "1/2-1/2"]
[WhiteElo "1994"]
[BlackElo "2176"]
[PlyCount "131"]
[EventDate "2015.11.22"]
[EventType "team-tourn"]
[EventRounds "14"]
[EventCountry "ESP"]
[Source "lmi"]
[SourceDate "2015.11.22"]
[WhiteTeam "Blanco y Negro"]
[BlackTeam "Liberty Chess"]
[WhiteTeamCountry "ESP"]
[BlackTeamCountry "ESP"]

1. e4 c5 2. d3 Nc6 3. g3 g6 4. Bg2 Bg7 5. f4 d6 6. Nf3 e5 7. c3 exf4 8. Bxf4
Nf6 9. Qd2 c4 10. O-O O-O 11. Kh1 cxd3 12. Qxd3 d5 13. e5 Ng4 14. Na3 Bf5 15.
Qb5 Qb6 16. Qxb6 axb6 17. Rad1 Be4 18. Ng5 Bxg2+ 19. Kxg2 Ra5 20. e6 fxe6 21.
Nxe6 Rxf4 22. gxf4 Ne3+ 23. Kf3 Nxf1 24. Rxf1 Bxc3 25. bxc3 Rxa3 26. Rb1 d4 27.
Ke4 dxc3 28. Kd3 Rxa2 29. Kxc3 Re2 30. Nc7 Rxh2 31. Rxb6 Rh3+ 32. Kd2 Rf3 33.
Nd5 Kg7 34. Rxb7+ Kh6 35. Rc7 Nd4 36. Rc4 Nf5 37. Ke2 Rh3 38. Kf2 Rd3 39. Nf6
Rd2+ 40. Kf3 Rd3+ 41. Kf2 Rd6 42. Ng4+ Kh5 43. Ne5 Rd4 44. Rxd4 Nxd4 45. Kg3
Ne2+ 46. Kf3 Nd4+ 47. Kg3 Ne6 48. Ng4 Nd4 49. Nf6+ Kh6 50. Ne8 Ne6 51. Kg4 Ng7
52. Nf6 Nf5 53. Ne8 Ne3+ 54. Kh4 Ng2+ 55. Kg4 Ne1 56. Kh4 Nf3+ 57. Kg4 Nd4 58.
Kh4 Nc6 59. Kg4 Nd8 60. Kh4 Nc6 61. Kg4 Na7 62. f5 g5 63. Nf6 Nc6 64. Nd7 Nb4
65. f6 Kg6 66. Nf8+ 1/2-1/2

[Event "Liga Madrileña - DH 2015-2016"]
[Site "Madrid ESP"]
[Date "2016.02.28"]
[Round "12.21"]
[White "Vazquez Igarza, Renier"]
[Black "Beltran de Heredia Eguiaz, Miguel Angel"]
[Result "1-0"]
[WhiteElo "2565"]
[BlackElo "2190"]
[PlyCount "73"]
[EventDate "2015.11.22"]
[EventType "team-tourn"]
[EventRounds "14"]
[EventCountry "ESP"]
[Source "lmi"]
[SourceDate "2015.11.22"]
[WhiteTeam "Collado Villalba"]
[BlackTeam "Vallecas CDV"]
[WhiteTeamCountry "ESP"]
[BlackTeamCountry "ESP"]

1. d4 Nf6 2. c4 g6 3. Nc3 Bg7 4. e4 d6 5. Nf3 O-O 6. Be2 e5 7. Be3 exd4 8. Nxd4
Re8 9. Qc2 Nbd7 10. O-O Nc5 11. f3 a5 12. Rad1 Qe7 13. Ndb5 b6 14. Kh1 Bb7 15.
Bg5 Ne6 16. Bh4 g5 17. Bf2 Nf4 18. Nd4 Bc8 19. Qd2 Bd7 20. Rfe1 Qf8 21. Bf1 Re5
22. Ndb5 Ne6 23. Bg3 Nh5 24. Bxe5 Bxe5 25. g4 Nhf4 26. Nd5 Bxb5 27. cxb5 Re8
28. Nxf4 Nxf4 29. Rc1 Re6 30. Rxc7 Rh6 31. Rec1 Kg7 32. Bc4 d5 33. Bxd5 Bxc7
34. Rxc7 Nxd5 35. Qxg5+ Kh8 36. Qxd5 Rd6 37. Rxf7 1-0

[Event "Liga Madrileña - DH 2015-2016"]
[Site "Madrid ESP"]
[Date "2016.02.28"]
[Round "12.22"]
[White "Montanes Arribas, Adrian"]
[Black "Moreno Ruiz, Javier"]
[Result "0-1"]
[WhiteElo "2173"]
[BlackElo "2435"]
[PlyCount "58"]
[EventDate "2015.11.22"]
[EventType "team-tourn"]
[EventRounds "14"]
[EventCountry "ESP"]
[Source "lmi"]
[SourceDate "2015.11.22"]
[WhiteTeam "Vallecas CDV"]
[BlackTeam "Collado Villalba"]
[WhiteTeamCountry "ESP"]
[BlackTeamCountry "ESP"]

1. d4 Nf6 2. c4 c5 3. d5 b5 4. cxb5 a6 5. bxa6 g6 6. Nc3 Bxa6 7. g3 d6 8. Bg2
Bg7 9. Nf3 Nbd7 10. O-O Nb6 11. Rb1 Bc4 12. Nd2 Bxa2 13. Nxa2 Rxa2 14. e4 Nfd7
15. Qb3 Ra4 16. Qc2 Qa8 17. Re1 O-O 18. h3 Rb8 19. Bf1 Qa5 20. Re3 Ra2 21. Nc4
Qa4 22. Qe2 Nxc4 23. Qxc4 Rb4 24. Qe2 Bd4 25. Rd3 Ne5 26. Rd1 Rb3 27. Kg2 Rf3
28. Rxd4 Qxd4 29. Bh6 Rxf2+ 0-1

[Event "Liga Madrileña - DH 2015-2016"]
[Site "Madrid ESP"]
[Date "2016.02.28"]
[Round "12.23"]
[White "Reyes Larena, Juan"]
[Black "Ambrona Castellanos, Miguel"]
[Result "1/2-1/2"]
[WhiteElo "2447"]
[BlackElo "2055"]
[PlyCount "126"]
[EventDate "2015.11.22"]
[EventType "team-tourn"]
[EventRounds "14"]
[EventCountry "ESP"]
[Source "lmi"]
[SourceDate "2015.11.22"]
[WhiteTeam "Collado Villalba"]
[BlackTeam "Vallecas CDV"]
[WhiteTeamCountry "ESP"]
[BlackTeamCountry "ESP"]

1. e4 c5 2. Nf3 d6 3. Nc3 Nc6 4. Be2 g6 5. d4 cxd4 6. Nxd4 Bg7 7. Nb3 Nf6 8.
O-O O-O 9. Bg5 Be6 10. Kh1 a6 11. f4 Rc8 12. Bf3 Re8 13. Nd5 Bxd5 14. exd5 Na5
15. c3 b5 16. Re1 Qb6 17. Nxa5 Qxa5 18. Qd2 Qc7 19. a4 Rb8 20. Bh4 Qc4 21. axb5
axb5 22. Ra6 b4 23. Rc6 bxc3 24. bxc3 Qb3 25. h3 Rb7 26. Qd1 Qxd1 27. Rxd1 Kf8
28. c4 Nd7 29. Bf2 Nb8 30. Rb6 Rxb6 31. Bxb6 Nd7 32. Bg1 Rb8 33. Rd3 Bb2 34.
Rd1 Bf6 35. Rd2 Rb2 36. Be3 Rxd2 37. Bxd2 Bd4 38. g4 Kg7 39. Kg2 Nc5 40. Bd1 e6
41. Bc2 exd5 42. cxd5 h6 43. Ba5 Nd7 44. Ba4 Nf6 45. Bc6 g5 46. Bc7 Bc5 47. Kf3
gxf4 48. Kxf4 Bg1 49. Kf5 Bh2 50. Bd8 Be5 51. h4 Nh7 52. Ba5 Nf8 53. Bd2 Ng6
54. h5 Ne7+ 55. Ke4 Ng8 56. Bc1 Nf6+ 57. Kf5 Ng8 58. g5 Ne7+ 59. Kg4 hxg5 60.
Bxg5 Ng8 61. Kf5 Nh6+ 62. Ke4 Ng8 63. Kf3 Nf6 1/2-1/2